000 00826nam a22002297a 4500
003 OSt
005 20231026174253.0
008 221021b |||||||| |||| 00| 0 eng d
020 _a978 9968 530 45 3
040 _cBiblioteca LadoV
082 _a759.972.86
_bM743a
100 _91164
_aMonge Picado, María José
_eautor
245 _aEl Aprendiz/
260 _aCosta Rica
_bFundación Museos Banco Central de Costa Rica/
_c2019
300 _a114p.
_c29x21.5cm
650 _2Tesauro de Arte & Arquitectura
_aCOSTA RICA
650 _2Tesauro de Arte & Arquitectura
_aARTE
650 _2Tesauro de Arte & Arquitectura
_aPINTURA
650 _2Tesauro de Arte & Arquitectura
_aESCULTURA
650 _2Tesauro de Arte & Arquitectura
_aARTE CONTEMPORANEO
942 _2ddc
_c1
_h759.972.86
_iM743a
_n0
_e1 ed.
999 _c4493
_d4493